000 01015cam a2200289 4500
008 041125n2002 000 0 eng u
020 _a0125463340
035 _a(Sirsi) u128145
041 _aeng.
050 _a621.45
_c18
245 _aWind power in view
_bEnergy landscapes in a crowded world
260 _aLondon
_bAcademic Press
_c2002
300 _ax, 234p.
_bill.
_c24cm.
350 _a39.99
490 _aAcademic Press Sustainable World Series
520 _aExamines the impact of wind turbines on the landscape and what can be done about them. Contains discussion of the aesthetics of wind energy from the perspective of architects, geographers, historians, engineers and landscape designers.
650 _aWIND POWER
650 _aWIND TURBINES
650 _aELECTRICITY
650 _aWIND FARMS
650 _aRENEWABLE ENERGY
690 _aENVIRONMENTAL AND LAND CONSULTANCY-ENERGY
700 _aPasqualetti, M. J.
700 _aGipe, P.
700 _aRighter, R. W.
942 _n0
999 _c103875
_d103875